Apuntes de Derecho probatorio
Shranjeno v:
| Glavni avtor: | |
|---|---|
| Format: | Knjiga |
| Jezik: | španščina |
| Izdano: |
Bogotá
Pontificia Universidad Javeriana
1992
|
| Serija: | Profesores, 6
|
| Teme: | |
| Oznake: |
Označite
Brez oznak, prvi označite!
|
MARC
| LEADER | 00000nam a2200000 a 4500 | ||
|---|---|---|---|
| 001 | UCT1252 | ||
| 003 | CL-VaPUC | ||
| 005 | 20220318175800.0 | ||
| 008 | 960927e19920000CK |||||||||||||||||spa|d | ||
| 999 | |c 251823 |d 251821 | ||
| 040 | |c Pontificia Universidad Católica de Valparaíso | ||
| 082 | 0 | 4 | |a 347.06 |b ESG |2 21 |
| 100 | 0 | |a Esguerra Samper, José María |e author |9 370020 | |
| 245 | 1 | 0 | |a Apuntes de Derecho probatorio |
| 260 | |a Bogotá |b Pontificia Universidad Javeriana |c 1992 | ||
| 300 | |a 191 p | ||
| 490 | 0 | |a Profesores, 6 | |
| 583 | |a last modification |c 19960927 00:00:00 |k Rodrigo Vera | ||
| 650 | 0 | |a Derecho procesal penal |9 255496 | |
| 650 | 7 | |a DERECHO PENAL |2 CL-VaPUC |9 11 | |
| 650 | 7 | |a PRUEBA DOCUMENTAL |2 CL-VaPUC |9 370021 | |
| 650 | 7 | |a ESTADO CIVIL |2 CL-VaPUC |9 370022 | |
| 650 | 0 | |a Sentencias |9 256250 | |
| 650 | 0 | |a Corte suprema |9 370023 | |
| 650 | 0 | |a Prueba testimonial |9 370024 | |
| 942 | |c BK |2 ddc | ||
| 945 | |d 19960927 00:00:00 |a nastorga | ||
| 952 | |0 0 |1 0 |4 0 |6 347_060000000000000_ESG_1992 |7 0 |8 A |9 271267 |a BIBDER |b BIBDER |d 2019-11-19 |i 323262K |o 347.06 ESG 1992 |p 323262K |r 2023-01-25 |w 2019-11-19 |y BK |k DER | ||